| 000 | 00358nam a2200121Ia 4500 | ||
|---|---|---|---|
| 008 | 180219s9999 xx 000 0 und d | ||
| 020 | _a9781496310231 | ||
| 100 | _aEroschenko, Victor P. | ||
| 245 | _aAtlas of histology with functional correlations / | ||
| 250 | _a13th ed | ||
| 260 |
_aUSA : _bLippincott williams & wilkins _c2017 |
||
| 300 | _avii, 617 pages | ||
| 999 |
_c356015 _d356015 |
||